书目信息 |
| 题名: |
美肌达人
|
|
| 作者: | 白冬雁 编著 | |
| 分册: | ||
| 出版信息: | 北京 化学工业出版社 2009.01 |
|
| 页数: | 164页 | |
| 开本: | 20cm | |
| 丛书名: | ||
| 单 册: | ||
| 中图分类: | TS974.1 | |
| 科图分类: | ||
| 主题词: | 沐浴--服务业 , 理发--服务业 , 沐浴 , 理发 | |
| 电子资源: | ||
| ISBN: | 978-7-122-03353-6 | |
| 000 | 00662nam0 2200253 45 | |
| 001 | 0930651265 | |
| 005 | 20091030083152.03 | |
| 010 | @a978-7-122-03353-6@dCNY36.00 | |
| 100 | @a20090515d2009 ekmy0 y0120 ea | |
| 102 | @aCN@b130000 | |
| 102 | @aCN@b110000 | |
| 105 | @ay z 000yy | |
| 200 | 1 | @a美肌达人@f白冬雁等编著@Fbai dong yan deng bian zhu |
| 210 | @a北京@c化学工业出版社@d2009.01 | |
| 215 | @a164页@d20cm | |
| 606 | 0 | @a沐浴@x服务业 |
| 606 | 0 | @a理发@x服务业 |
| 606 | 0 | @a沐浴 |
| 606 | 0 | @a理发 |
| 690 | @aTS974.1@v4 | |
| 701 | 0 | @a白冬雁@Abai dong yan@4编著 |
| 801 | 0 | @aCN@c20091030 |
| 905 | @a10447@dTS974.1@eB110 | |
| 906 | @d36@n3@r1 | |
| 美肌达人/白冬雁等编著.-北京:化学工业出版社,2009.01 |
| 164页;20cm |
| ISBN 978-7-122-03353-6:CNY36.00 |
| ● |
| 相关链接 |
|
|
|
正题名:美肌达人
索取号:TS974.1/B110
 
预约/预借
| 序号 | 登录号 | 条形码 | 馆藏地/架位号 | 状态 | 备注 |
| 1 | 893995 | 208939951 | 自科库501/501自科库 75排2列4层/ [索取号:TS974.1/B110] | 在馆 | |
| 2 | 893996 | 208939960 | 自科库501/501自科库 75排2列4层/ [索取号:TS974.1/B110] | 在馆 | |
| 3 | 893997 | 208939979 | 自科库501/501自科库 75排2列4层/ [索取号:TS974.1/B110] | 在馆 |